000 01605nam a2200253 a 4500
001 BS0000407
003 BR-BrBNA
005 20230418191442.0
008 230308b |||||||| |||| 00| 0 por d
040 _aBR-BrBNA
_bpor
_cBiblioteca Nacional de Agricultura
041 _apor
072 _aC13
090 _aC13 BS0000407
100 1 _aBrito, Allan
245 1 _aBlender 3D: Guia do usuário /
250 1 _a3.ed Revisada e ampliada.
260 3 _aSão Paulo, SP:
_bNovatec.,
_c2008..
300 _a550 p.
520 3 _aO Blender é um software multiplataforma extremamente poderoso para modelagem tridimensional (3D), com recursos comparáveis aos dos softwares proprietários similares, como 3D Studio, Maya e Rhinoceros, mas com a vantagem de estar disponível para download gratuito na internet. Tal versatilidade encontra aplicação nas áreas de animação e efeitos especiais para jogos e filmes, arquitetura, publicidade, engenharia, design ou qualquer outra que necessite pré-visualização 3D. Blender 3D - Guia do Usuário aborda desde os conceitos básicos, como a interface inovadora e a manipulação de objetos, até conceitos avançados, como animação de personagens. O livro é indicado para usuários iniciantes, e também experientes, que pretendem aprimorar seus conhecimentos nessa incrível ferramenta, O autor consegue detalhar as ferramentas de maneira simples e didática, reforçando os conceitos por meio de exemplos práticos e exercícios.
650 _aINFORMÁTICA
650 _aCINEMA DE ANIMAÇÃO
909 _a202304
_bSergio Santos
_c56
_dSergio Santos
942 _cBK
999 _c5470
_d5470